000 01291nam a2200349 c 4500
003 BLK
005 20180420220915.0
008 180408b bul|||||r ||||||| ||bul||
010 _aKNG00039227000
020 _a0-333-49229-3
_bиздат.: Macmillan - на том
040 _aBLK
041 _aENG
_cENG
080 _aАнглийски език
_b811.111
_x-5(075.4)
_z811.111-5(075.4)
700 1 _aBlundell, Jon
_eавт. на том
_95448
700 1 _aMacAndrew, Richard
_eсъавт. на том
_917443
139 _aCheck your English
_bC 51
245 1 0 _aCheck your English
_bA Four-Skills Grammar Practice Book : Vol. 1-2
_cавт. на том Jon Blundell; съавт. на том Richard MacAndrew.
_nVol 2
_pStudent's Book
257 _aGBR
260 London
_c1990 - 1994
300 _c28 cm
380 _a80
650 4 _aАнглийски език - граматика - учебни помагала
_9242588
653 _aанглийски език
653 _aграматика
653 _aучебни помагала
760 1 _3- на том
_dMacmillan, 1990
_h165 c
_tVol 2 Student's Book
852 _aЦб ІІ 8520
856 4 _qpdf
_u
856 4 _qpdf
_u
942 _cKNG
_n0
944 _aCR
_c28.05.2003
_kAB_DOS
944 _aED
_c18.03.2015
_kТеодора_Стоянова
999 _c36320
_d36320